| 000 | 00371nam a2200145Ia 4500 | ||
|---|---|---|---|
| 001 | 628 | ||
| 008 | 241024s9999 xx 000 0 und d | ||
| 020 | _a978-9945-45713-1 | ||
| 082 | _aRD/864.44/C691c | ||
| 100 | _a[*SIN AUTOR*] | ||
| 245 | 0 | _aCrÃtica de literatura y arte. Filosofia | |
| 260 |
_bSanto Domingo _c2009 |
||
| 901 | _a23/11/2010 9:17:37 a.m. | ||
| 999 |
_c7733 _d7733 |
||